000 00708nam a22002177a 4500
003 UA-OsUOA
001 116997
007 ta
008 20160420b un ||||| |||| 00| 0 ukr d
100 _aОмельчук С.
090 _a81
_bО-57
942 _cSA
040 _aUA-OsUOA
_bfre
_cUA-OsUOA
_dUA-OsUOA
245 _aСучасні тенденції в українській лінгводидактиці крізь призму наукових праць Марії Пентилюк
300 _aС.9-15
955 _a0
041 _afre
080 _a81
773 0 _w116995
650 7 _a8 Мовознавство. Художня література. Літературознавство
_2UDC
999 _c402975
_d402975